The evolving structure of world agricultural trade : (Record no. 13317)

000 -LEADER
fixed length control field 00462cam a2200157Mi 4500
020 ## - INTERNATIONAL STANDARD BOOK NUMBER
ISBN 9789251063712
020 ## - INTERNATIONAL STANDARD BOOK NUMBER
ISBN 9251063710
040 ## - CATALOGING SOURCE
Transcribing agency GBVCP
082 ## - DEWEY DECIMAL CLASSIFICATION NUMBER
Classification number 338 FAO 2009 A013 Or.
245 04 - TITLE STATEMENT
Title The evolving structure of world agricultural trade :
Remainder of title implications for trade policy and trade agreements /
260 ## - PUBLICATION, DISTRIBUTION, ETC. (IMPRINT)
Place of publication Rome :
Name of publisher FAO,
Year of publication 2009.
300 ## - PHYSICAL DESCRIPTION
Number of Pages XII, 312 S. :
Other physical details graph. Darst.
500 ## - GENERAL NOTE
General note Enth. 10 Beitr.
700 1# - ADDED ENTRY--PERSONAL NAME
Personal name Sarris, Alexander.
942 ## - ADDED ENTRY ELEMENTS (KOHA)
Koha item type សៀវភៅភាសាអង់គ្លេស
952 ## - LOCATION AND ITEM INFORMATION (KOHA)
Withdrawn status [LOCAL, KOHA] 0
Holdings
Permanent Location Date acquired Koha item type Lost status Shelving location Barcode Current Location Full call number
Library Block A2017-08-23សៀវភៅភាសាអង់គ្លេស A066RUA055584Library Block A338 FAO 2009 A066 Or.
មជ្ឈមណ្ឌលឯការនៃសាកលវិទ្យាល័យភូមិន្ទកសិកម្មចំការដូង

Powered by Koha